Estadísticas para Peliculas de Blue Sky Studios

Haz click aquí para intentar la prueba.

Estadísticas generales

  • Esta prueba ha sido intentada 8 veces
  • La puntuación promedio es 6 de 13

Estadísticas de respuestas

AñoPelícula% Correcto
2011Rio
100%
2014Rio 2
100%
2002La Era del Hielo
80%
2006La Era del Hielo 2
80%
2009La Era del Hielo 3
80%
2012La Era del Hielo 4
80%
2016La Era del Hielo 5
80%
2005Robots
20%
2013El Reino Secreto
0%
2019Espías a escondidas
0%
2008Horton y el mundo de los Quién
0%
2017Olé, el viaje de Ferdinand
0%
2015Snoopy y Charlie Brown: Peanuts, la película
0%

Distribución de puntuación

Porcentaje por número respondido

Porcentaje de gente con cada puntuación

Historial de tus puntuaciones

No has intentado esta prueba.